| 000 | 00855cam a22002655a 4500 | ||
|---|---|---|---|
| 001 | 16489458 | ||
| 003 | OSt | ||
| 005 | 20150408114045.0 | ||
| 008 | 101005s2010 nyu 000 0 eng | ||
| 010 | _a 2010938616 | ||
| 020 | _a9783709101414 (hardcover : alk. paper) | ||
| 040 |
_aDLC _cMU |
||
| 042 | _apcc | ||
| 082 |
_221 _a571.6 _bB I A |
||
| 245 | 0 | 0 |
_aBiological adhesive systems : _bfrom nature to technical and medical application / _c[edited by] Janek von Byern, Ingo Grunwald. |
| 250 | _a1st ed. | ||
| 260 |
_aNew York : _bSpringer, _c2010. |
||
| 263 | _a1011 | ||
| 300 | _axi, 305 p. : ill. (some col.) ; 27 cm. | ||
| 650 | 4 |
_aCell adhesion. _915953 |
|
| 650 | 4 |
_aCell adhesion molecules. _915954 |
|
| 906 |
_a0 _bibc _corignew _d2 _eepcn _f20 _gy-gencatlg |
||
| 942 |
_2ddc _cDVD |
||
| 999 |
_c24181 _d258681 |
||